Richard Nixon Presidential Cabinet - Statistics

General Stats
  • This quiz has been taken 114 times
  • The average score is 10 of 38
Answer Stats
Cabinet Position Cabinet Member % Correct
Secretary of State (1973-1974) Henry Kissinger
100%
Vice President (1969-1973) Spiro Agnew
100%
Vice President (1973-1974) Gerald Ford
98%
Chief of Staff (1969-1973) H.R. Haldeman
65%
Secretary of State (1969-1973) William P. Rogers
55%
Chief of Staff (1973-1974) Alexander Haig
49%
Attorney General (1969-1972) John Mitchell
49%
Secretary of Health, Education, and Welfare (1970-1973), Secretary of Defense (1973), Attorney General (1973-1974) Elliot Richardson
44%
Secretary of Treasury (1971-1972) John Connally
42%
Secretary of Housing and Urban Development (1969-1973) George Romney
36%
Secretary of Defense (1969-1973) Melvin Laird
35%
Administrator of the Environmental Protection Agency (1970-1973) William Ruckelshaus
33%
Secretary of Agriculture (1971-1974) Earl Butz
29%
Director of the Office of Management and Budget (1970-1972), Secretary of Labor (1969-1970), Secretary of Treasury (1972-1974) George Shultz
29%
Director of the Office of Management and Budget (1972-1973), Secretary of Health, Education, and Welfare (1973-1974) Caspar Weinberger
24%
Attorney General (1974) William Saxbe
22%
Secretary of Treasury (1969-1971) David Kennedy
20%
Secretary of the Interior (1969-1971) Wally Joseph Hickel
18%
Secretary of Treasury (1974) William Simon
18%
Secretary of Health, Education, and Welfare (1969-1970) Robert Finch
16%
Secretary of the Interior (1971-1974) Rogers Morton
16%
Secretary of Defense (1973-1974) James Schlesinger
15%
Secretary of Transportation (1969-1973) John Volpe
15%
Director of the Office of Management and Budget (1969-1970) Robert Mayo
15%
Director of the Office of Management and Budget (1973-1974) Roy Ash
13%
Secretary of Commerce (1972-1973) Peter Peterson
9%
Attorney General (1972-1973) Richard Kleindienst
9%
Secretary of Transportation (1973-1974) Claude Brinegar
7%
Secretary of Agriculture (1969-1971) Clifford Hardin
7%
Secretary of Housing and Urban Development (1973-1974) James Thomas Lynn
7%
Secretary of Commerce (1969-1972) Maurice Stans
7%
Secretary of Labor (1973-1974) Peter Brennan
7%
Administrator of the Environmental Protection Agency (1973-1974) Russell Train
7%
Postmaster General (1969-1971) Winton Blount
7%
Secretary of Commerce (1973-1974) Frederick B. Dent
5%
Secretary of Labor (1970-1973) James Day Hodgson
5%
United States Trade Representative (1969-1971) Carl Gilbert
4%
United States Trade Representative (1971-1974) William Denman Eberle
4%
No matching quizzes found
Score Distribution
Percent of People with Each Score
Percentile by Number Answered
Your Score History
You have not taken this quiz